Online
Catalog

Historia de un silencio / (Record no. 2214)

MARC details
000 -CABECERA
campo de control de longitud fija 00797cam a2200229 a 4500
001 - NÚMERO DE CONTROL
campo de control 000002374
005 - FECHA Y HORA DE LA ÚLTIMA TRANSACCIÓN
campo de control 20200929150205.0
008 - DATOS DE LONGITUD FIJA--INFORMACIÓN GENERAL
campo de control de longitud fija 781228s1976 ve 001 1 spa
040 ## - FUENTE DE LA CATALOGACIÓN
Centro catalogador/agencia de origen DO-SdBNP
Centro/agencia transcriptor DLC
Centro/agencia modificador DLC
082 ## - NÚMERO DE LA CLASIFICACIÓN DECIMAL DEWEY
Número de clasificación Ar863.44
Número de documento/Ítem B938h
100 1# - ENTRADA PRINCIPAL--NOMBRE DE PERSONA
Nombre de persona Bullrich, Silvina,
Fechas asociadas al nombre 1915-
9 (RLIN) 7548
245 10 - MENCIÓN DE TÍTULO
Título Historia de un silencio /
Mención de responsabilidad, etc. Silvina Bullrich.
260 ## - PUBLICACIÓN, DISTRIBUCIÓN, ETC.
Lugar de publicación, distribución, etc. Caracas :
Nombre del editor, distribuidor, etc. Monte Ávila,
Fecha de publicación, distribución, etc. 1976.
300 ## - DESCRIPCIÓN FÍSICA
Extensión 210 p. ;
Dimensiones 18 cm.
440 #0 - MENCIÓN DE SERIE/PUNTO DE ACCESO ADICIONAL--TÍTULO
Título Continentes
9 (RLIN) 5341
505 0# - NOTA DE CONTENIDO CON FORMATO
Nota de contenido con formato Historia de un silencio.--El calor humano.--El lobizon.--Diecinueve cartas.--Lo demas es mentira.--Un hombre con historia.--Honrar padre y madre.
650 #4 - PUNTO DE ACCESO ADICIONAL DE MATERIA--TÉRMINO DE MATERIA
Término de materia o nombre geográfico como elemento de entrada Novela argentina
9 (RLIN) 3941
650 #4 - PUNTO DE ACCESO ADICIONAL DE MATERIA--TÉRMINO DE MATERIA
Término de materia o nombre geográfico como elemento de entrada Literatura argentina
9 (RLIN) 3860
910 ## - DATOS DE OPCIÓN DEL USUARIO (OCLC)
Datos de opción del usuario Catalogación por copia / LC
910 ## - DATOS DE OPCIÓN DEL USUARIO (OCLC)
Datos de opción del usuario Jornada de Catalogación
910 ## - DATOS DE OPCIÓN DEL USUARIO (OCLC)
Datos de opción del usuario WM
Holdings
Estado de retiro Estado de pérdida Restricciones de uso No para préstamo Código de colección Localización permanente Ubicación/localización actual Ubicación en estantería Fecha de adquisición Fuente de adquisición Número de inventario Total de préstamos Signatura topográfica completa Código de barras Fecha visto por última vez Precio válido a partir de Tipo de ítem Koha
    Préstamo interno   Monografías: Libros y Folletos General General Depósito 23.07.2009 002344 LF1   Ar863.44 B938h 2374-10 25.06.2020 25.06.2020 Préstamo interno

Powered by Koha